| 000 | 00825nam a22002537a 4500 | ||
|---|---|---|---|
| 005 | 20130114152742.0 | ||
| 008 | 130114t xxu||||| |||| 00| 0 eng d | ||
| 010 | _aENG-106561 | ||
| 020 |
_c750.00 _a0198079397 |
||
| 020 |
_c750.00 _a9780198079392 |
||
| 035 | _aEN-90094 | ||
| 037 | _bDBAD / PUB | ||
| 040 |
_aDPL _bENG |
||
| 100 | _954743 | ||
| 245 |
_aCoalition politics and democratic consolidation in Asia / _cedited by E. Sridharan |
||
| 260 |
_aNew Delhi _bOxford University Press _c2012 |
||
| 270 |
_aYMCA Library Building, Jai Singh Road, _bNew Delhi _e110001 |
||
| 300 |
_axiii, 284p. _c22cm (Hb) |
||
| 700 | _954740 | ||
| 700 | _954747 | ||
| 700 | _954748 | ||
| 942 |
_2ddc _cEN _mCOA |
||
| 999 |
_c72939 _d72939 |
||